|
|
|
|
| LEADER |
05225nam a2200661 4500 |
| 001 |
ocn910159253 |
| 003 |
OCoLC |
| 005 |
20170124071758.7 |
| 006 |
m o d |
| 007 |
cr ||||||||||| |
| 008 |
150525s2015 enk ob 001 0 eng |
| 010 |
|
|
|a 2015020829
|
| 040 |
|
|
|a DLC
|b eng
|e rda
|c DLC
|d N$T
|d DG1
|d EBLCP
|d YDXCP
|d CDX
|d OCLCF
|d COO
|d OCLCQ
|d DEBBG
|d RECBK
|d CCO
|d MERUC
|d GrThAP
|
| 020 |
|
|
|a 9781118977798 (ePub)
|
| 020 |
|
|
|a 1118977793 (ePub)
|
| 020 |
|
|
|a 9781118977804 (Adobe PDF)
|
| 020 |
|
|
|a 1118977807 (Adobe PDF)
|
| 020 |
|
|
|z 9781118977811 (paperback)
|
| 020 |
|
|
|a 9781118977781
|
| 020 |
|
|
|a 1118977785
|
| 020 |
|
|
|a 1118977815
|
| 020 |
|
|
|a 9781118977811
|
| 029 |
1 |
|
|a AU@
|b 000054829303
|
| 029 |
1 |
|
|a GBVCP
|b 83247407X
|
| 029 |
1 |
|
|a DEBBG
|b BV043397835
|
| 035 |
|
|
|a (OCoLC)910159253
|
| 042 |
|
|
|a pcc
|
| 050 |
0 |
0 |
|a HB225
|
| 072 |
|
7 |
|a BUS
|x 069000
|2 bisacsh
|
| 072 |
|
7 |
|a BUS
|x 055000
|2 bisacsh
|
| 082 |
0 |
0 |
|a 330.01/5195
|2 23
|
| 084 |
|
|
|a MAT029000
|2 bisacsh
|
| 049 |
|
|
|a MAIN
|
| 100 |
1 |
|
|a Ralph, Jeff.
|
| 245 |
1 |
2 |
|a A practical introduction to index numbers /
|c Jeff Ralph, Rob O'Neill, Joe Winton.
|
| 264 |
|
1 |
|a Chichester, West Sussex, UK :
|b Wiley,
|c 2015.
|
| 300 |
|
|
|a 1 online resource.
|
| 336 |
|
|
|a text
|2 rdacontent
|
| 337 |
|
|
|a computer
|2 rdamedia
|
| 338 |
|
|
|a online resource
|2 rdacarrier
|
| 520 |
|
|
|a "This book offers an introduction to the subject of index numbers for statisticians, economists and numerate members of the public"--
|c Provided by publisher.
|
| 504 |
|
|
|a Includes bibliographical references and index.
|
| 588 |
|
|
|a Description based on print version record and CIP data provided by publisher.
|
| 505 |
0 |
|
|a Title Page; Copyright; Table of Contents; Preface; Organisation of the book; Additional material available online; Suggested routes through the book; Acknowledgements; Chapter 1: Introduction; 1.1 What is an index number?; 1.2 Example -- the Consumer Prices Index; 1.3 Example -- FTSE 100; 1.4 Example -- Multidimensional Poverty Index; 1.5 Example -- Gender Inequality Index; 1.6 Representing the world with index numbers; 1.7 Chapter summary; References; Chapter 2: Index numbers and change; 2.1 Calculating an index series from a data series; 2.2 Calculating percentage change
|
| 505 |
8 |
|
|a 2.3 Comparing data series with index numbers2.4 Converting from an index series to a data series; 2.5 Chapter summary; Exercise A; Chapter 3: Measuring inflation; 3.1 What is inflation?; 3.2 What are inflation measures used for and why are they important?; 3.3 Chapter summary; References; Exercise B; Chapter 4: Introducing price and quantity; 4.1 Measuring price change; 4.2 Simple, un-weighted indices for price change; 4.3 Price, quantity and value; 4.4 Example -- Retail Sales Index; 4.5 Chapter summary; Exercise C; Chapter 5: Laspeyres and Paasche indices; 5.1 The Laspeyres price index
|
| 505 |
8 |
|
|a 5.2 The Paasche price index5.3 Laspeyres and Paasche quantity indices; 5.4 Laspeyres and Paasche: mind your Ps and Qs; 5.5 Laspeyres, Paasche and the Index Number Problem; 5.6 Laspeyres or Paasche?; 5.7 A more practical alternative to a Laspeyres price index?; 5.8 Chapter summary; References; Exercise D; Chapter 6: Domains and aggregation; 6.1 Defining domains; 6.2 Indices for domains; 6.3 Aggregating domains; 6.4 More complex aggregation structures; 6.5 A note on aggregation structures in practice; 6.6 Non-consistency in aggregation; 6.7 Chapter summary; Exercise E
|
| 505 |
8 |
|
|a Chapter 7: Linking and chain-linking7.1 Linking; 7.2 Re-basing; 7.3 Chain-linking; 7.4 Chapter summary; Exercise F; Chapter 8: Constructing the consumer prices index; 8.1 Specifying the index; 8.2 The basket; 8.3 Locations and outlets; 8.4 Price collection; 8.5 Weighting; 8.6 Aggregation structure; 8.7 Elementary aggregates; 8.8 Linking; 8.9 Owner occupier housing; 8.10 Publication; 8.11 Special procedures; 8.12 Chapter summary; References; Exercise G; Chapter 9: Re-referencing a series; 9.1 Effective comparisons with index numbers; 9.2 Changing the index reference period
|
| 505 |
8 |
|
|a 9.3 Why re-reference?9.4 Re-basing; 9.5 Chapter summary; References; Exercise H; Chapter 10: Deflation; 10.1 Value at constant price; 10.2 Volume measures in the national accounts; 10.3 Chapter summary; Exercise I; Chapter 11: Price and quantity index numbers in practice; 11.1 A big picture view of price indices; 11.2 The harmonised index of consumer prices; 11.3 UK measures of consumer price inflation; 11.4 PPI and SPPI; 11.5 PPPs and international comparison; 11.6 Quantity indices; 11.7 Gross domestic product; 11.8 Index of Production; 11.9 Index of services; 11.10 Retail sales index
|
| 650 |
|
0 |
|a Index numbers (Economics)
|
| 650 |
|
7 |
|a MATHEMATICS / Probability & Statistics / General.
|2 bisacsh
|
| 650 |
|
7 |
|a Index numbers (Economics)
|2 fast
|0 (OCoLC)fst00968957
|
| 655 |
|
4 |
|a Electronic books.
|
| 655 |
|
0 |
|a Electronic books.
|
| 700 |
1 |
|
|a O'Neill, Rob.
|
| 700 |
1 |
|
|a Winton, Joe.
|
| 776 |
0 |
8 |
|i Print version:
|a Ralph, Jeff.
|t Practical introduction to index numbers
|d Hoboken : Wiley, 2015
|z 9781118977811
|w (DLC) 2015019379
|
| 856 |
4 |
0 |
|u https://doi.org/10.1002/9781118977781
|z Full Text via HEAL-Link
|
| 994 |
|
|
|a 92
|b DG1
|